संस्कृत व्याकरण / (Record no. 27887)

MARC details
000 -LEADER
fixed length control field 01177nam a22002537a 4500
005 - DATE AND TIME OF LATEST TRANSACTION
control field 20090625114559.0
008 - FIXED-LENGTH DATA ELEMENTS--GENERAL INFORMATION
fixed length control field 090625t xxu||||| |||| 00| 0 hin d
010 ## - LCCN (DPL NO)
LC control number HIN-87098
020 ## - INTERNATIONAL STANDARD BOOK NUMBER
International Standard Book Number 97881902254518
Terms of availability 200.00
035 ## - SYSTEM CONTROL NUMBER
System control number HN-59444
037 ## - SOURCE OF ACQUISITION
Source of stock number/acquisition DBAD / PUB
040 ## - CATALOGING SOURCE
Original cataloging agency dpl
Language of cataloging hn
082 ## - DEWEY DECIMAL CLASSIFICATION NUMBER
Classification number 415
100 ## - MAIN ENTRY--PERSONAL NAME
Personal name द्विवेदी, दीक्षा
245 ## - TITLE STATEMENT
Title संस्कृत व्याकरण /
Statement of responsibility, etc दीक्षा द्विवेदी
246 ## - VARYING FORM OF TITLE
Title proper/short title Sanskrita Vyaakarana
Remainder of title by Diksha Divedi
260 ## - PUBLICATION, DISTRIBUTION, ETC. (IMPRINT)
Place of publication, distribution, etc दिल्ली
Name of publisher, distributor, etc डिस्कवरी बुक सैंटर
Date of publication, distribution, etc 2009
270 ## - ADDRESS
Address 1/9427, वैस्ट रोहतास नगर , शाहदरा
City दिल्ली
Postal code 110032
300 ## - PHYSICAL DESCRIPTION
Extent 174पृ.
Dimensions 22सेमी (सजिल्द)
650 ## - SUBJECT ADDED ENTRY--TOPICAL TERM
Topical term or geographic name as entry element संस्कृत भाषा
General subdivision व्याकरण
650 ## - SUBJECT ADDED ENTRY--TOPICAL TERM
Topical term or geographic name as entry element Sanskrit language
General subdivision Grammar
942 ## - ADDED ENTRY ELEMENTS (KOHA)
Source of classification or shelving scheme Dewey Decimal Classification
Item type Hindi Books
Classification part 415
Call number suffix द्विवेदी
Holdings
Withdrawn status Lost status Source of classification or shelving scheme Damaged status Not for loan Home library Current library Date acquired Source of acquisition Cost, normal purchase price Total Checkouts Full call number Barcode Date last seen Copy number Cost, replacement price Koha item type
    Dewey Decimal Classification   Not For Loan D.B.Act.Division D.B.Act.Division 25/06/2009 DBAD / PUB 200.00   415 द्विवेदी HN-59444 25/06/2009 1 200.00 Hindi Books

© Delhi Public Library
Hit Counter
free hit counter